01088nam a2200301 i 45000010005000000030009000050050017000140080039000310150017000700200015000870400022001020410013001240800010001370800011001470800011001580800017001691000136001862450093003222600045004153000030004604900070004905000128005605040026006885460019007146500026007339420012007599990015007719144KOSZ 00520180319120055.0980627s1997 pl a f |000 0 pol aPB 1998/8924 a8387424129 aWA NcKOSZ 005/EG0 apolbeng a373.3 a373.62 a371.68 a159.922.7/.81 aBOGDAŃSKI, Marek.bWyższa Szkoła Inżynierska w Koszalinie - Wydział Mechaniczny,d1991 - 1996.gKatedra Nauk Pedagogicznych10aDydaktyczne obrazy graficzne w aktywizowaniu procesu dydaktycznego /cMarek Bogdański. aKoszalin :bWydaw. Uczelniane PK,c1997. a169 s. :bwykr. ;c24 cm.1 aMonografia Wydziału Mechanicznego / [Politechnika Koszalińska] aISSN 0239-7129 oraz nr 62 odnosi się do pierwotnego tyt. serii: Monografie / Wyższa Szkoła Inżynierska w Koszalinie. aBibliogr. s. 156-168. aStreszcz. ang. 0aTechnika - nauczanie. 2UKDcKS c9144d9144